Normal view MARC view
  • WIRELESS APPLICATION PROTOCOL.MOBILE INTERNET.WAP

Entry Topical Term

Number of records used in: 1

001 - CONTROL NUMBER

  • control field: 73901

003 - CONTROL NUMBER IDENTIFIER

  • control field: NUST

005 - DATE AND TIME OF LATEST TRANSACTION

  • control field: 20210628205112.0

008 - FIXED-LENGTH DATA ELEMENTS

  • fixed length control field: 210628|| aca||aabn | a|a d

040 ## - CATALOGING SOURCE

  • Original cataloging agency: NUST
  • Transcribing agency: NUST

150 ## - HEADING--TOPICAL TERM

  • Topical term or geographic name entry element: WIRELESS APPLICATION PROTOCOL.MOBILE INTERNET.WAP

670 ## - SOURCE DATA FOUND

  • Source citation: Work cat.: (NUST): Singhal, Sandeep:Bridgman, Thomas 73900, The wireless application protocol;writing applications for the mobile internet, 2003
© 2023 Central Library, National University of Sciences and Technology. All Rights Reserved.